Skupina spoločností ZSNP plánuje tento rok vytvoriť sedemkrát väčší zisk ako vlani

Hlinikáreň ZSNP, a.s. Žiar n. Hronom sa zmenila na spoločnosť holdingového typu. Rozhodujúcou dcérskou spoločnosťou je Slovalco, a.s. Žiar n. Hronom. ZSNP ostáva strategickým podnikom štátu. Hospodárske ukazovatele ZSNP, a.s. za r. 1994 a 1995. Vybrané konsolidované hospodárske ukazovatele za skupin...

Descrizione completa

Salvato in:
Dettagli Bibliografici
Autore principale: Kuča, Š.
Natura: Capitolo di libro
Lingua:slovacco
Soggetti:
Tags: Aggiungi Tag
Nessun Tag, puoi essere il primo ad aggiungerne!!

MARC

LEADER 00000naa a2200000 4500
001 r021699
005 20230921075258.7
041 0 |a slo 
044 |a SK 
245 1 0 |a Skupina spoločností ZSNP plánuje tento rok vytvoriť sedemkrát väčší zisk ako vlani  |c Š. Kuča 
520 |a Hlinikáreň ZSNP, a.s. Žiar n. Hronom sa zmenila na spoločnosť holdingového typu. Rozhodujúcou dcérskou spoločnosťou je Slovalco, a.s. Žiar n. Hronom. ZSNP ostáva strategickým podnikom štátu. Hospodárske ukazovatele ZSNP, a.s. za r. 1994 a 1995. Vybrané konsolidované hospodárske ukazovatele za skupinu ZSNP v r. 1994 a 1995. Nekonsolidovaný hospodársky výsledok pred zdanením spoločností skupiny ZSNP v r. 1994 a 1995 a plán na r. 1996. 
610 2 0 |a Slovensko 
610 2 0 |a ZSNP, a.s. Žiar nad Hronom 
610 2 0 |a hutníctvo 
610 2 0 |a hlinikárne 
610 2 0 |a spoločnosti holdingové 
610 2 0 |a Slovalco, a.s. Žiar nad Hronom 
610 2 0 |a ukazovatele ekonomické 
610 2 0 |a výsledok hospodársky 
610 2 0 |a 1994 
610 2 0 |a 1995 
610 2 0 |a 1996 
100 1 |a Kuča, Š.